000 00504nam a2200217Ia 4500
003 0100
008 130303s9999 xx 000 0 und d
020 _a0435902180
040 _cARRUPELIB
050 _aPR9379.9.A7T8 1979
100 _aArmah, Ayi Kwei
245 _aTwo thousand seasons
260 _aLondon
260 _bHeinemann
260 _C1979
300 _axvii
300 _b 206p. 19cm.
440 _aAfrican Writers Series no. 218
650 _bSouth African war
942 0 0 _02
999 _c27182
_d27182